00236nam a22000977a 4500020001600000082001100016100002000027245004200047260004000089300000900129 a 8131715310 a302.23 aRobert McKenzie aComparing media from around the world aNew DelhibPearson educationc2006. a372p